Úchylkoměry s torzním páskem. STN 99 0687 : Somkátory. Technické požadavky. Účinnost: 1.1.1991

Enregistré dans:
Détails bibliographiques
Format: Livre
Langue:tchèque
Publié: Praha : Vydavatelství norem, 1990
Sujets:
Tags: Ajouter un tag
Pas de tags, Soyez le premier à ajouter un tag!

MARC

LEADER 00000nam a22000003a 4500
001 stu79413
005 20150408175420.7
008 030303s1990----cs------------------cze-d
040 |a STU  |b slo 
041 0 |a cze 
044 |a cs 
080 |a 531.717.5 
245 |a Úchylkoměry s torzním páskem. STN 99 0687 :  |b Somkátory. Technické požadavky. Účinnost: 1.1.1991 
260 |a Praha :  |b Vydavatelství norem,  |c 1990 
300 |a 8 s 
650 7 |a úchylkomery  |2 stusub 
996 |b 284M039317  |c M*N-830-1  |l MMKN  |s A  |a 24  |w stu79413_0001